| 000 | 00513nam a2200157Ia 4500 | ||
|---|---|---|---|
| 008 | 090124s9999 xx 000 0 und d | ||
| 082 |
_b8152 _a481 |
||
| 245 | _a ज्ञानेशांची अमृतवाणी | ||
| 250 | _a1 | ||
| 260 | _c1953 | ||
| 300 | _a72 | ||
| 630 | _a ज्ञानेशांची अमृतवाणी | ||
| 700 | _aशेणोलीकर हरि श्रीधर | ||
| 730 | _a ज्ञानेशांची अमृतवाणी | ||
| 942 | _cBOOK | ||
| 999 |
_c122093 _d122093 |
||